Elhunyt dr. Barabás Zoltán A búzanemesítés tudósa volt /
Elmentve itt :
| Szerző: | |
|---|---|
| Dokumentumtípus: | Cikk |
| Megjelent: |
1993-01-29
|
| Sorozat: | Délmagyarország
83 No. 24 |
| Kulcsszavak: | Barabás Zoltán, dr. |
| Online Access: | http://dmarchiv.bibl.u-szeged.hu/91675 |
| LEADER | 00486nab a2200157 i 4500 | ||
|---|---|---|---|
| 001 | delm91675 | ||
| 005 | 20191008123602.0 | ||
| 008 | 191008s1993 hu o 0|| hun d | ||
| 040 | |a SZTE Délmagyarország Archívum |b hun | ||
| 041 | |a hun | ||
| 100 | 1 | |a Matuz János | |
| 245 | 1 | 0 | |a Elhunyt dr. Barabás Zoltán |h [elektronikus dokumentum] : |b A búzanemesítés tudósa volt / |c Matuz János |
| 260 | |c 1993-01-29 | ||
| 300 | |a 5 | ||
| 490 | 0 | |a Délmagyarország |v 83 No. 24 | |
| 695 | |a Barabás Zoltán, dr. | ||